00193nam a2200073Ia 4500008004100000082001700041245004500058300001600103230907s9999||||xx |||||||||||||| ||und|| a333.7924,RIS 4aThe risks of nuclear energy technology : axiv,364 p.: